00841cam a2200217 4500001001000000008004100010035001400051050002500065100003700090245006900127250001100196260004000207300004500247440004600292504004600338650002900384650003700413942001300450999001900463952014100482BFD000616 1970 spa  aBFD00061604aKJD933.D5 bM37 19701 aMartínez-Pereda, José Manuel 3aEl Delito de escandalo público /cJose Manuel Martinez-Pereda. a1a ed. aMadrid, España : bTecnos ,c1970 a245 páginas; bilustraciones ;c22 cm. 0aBiblioteca Tecnos de estudios jurídicos aIncluye índice alfabético de autores. 4aDerecho penal xEspaña 4aEscándalo (Derecho) xEspaña 2lcccLIB c141836d141834 102lcc4070aLIC-002bLIC-002cGENERALd2021-11-10f1a ed.iDkCSAoKJD933.D5 M37 1970pBFD000000244r2021-11-10 00:00:00t1v1.00yLIB